000 00654nam a2200277Ia 4500
005 20260324151047.0
008 008 260324s9999 xx 000 0 eng d
020 _a9780429452116
037 _aEBOOK
040 _aCRL
040 _beng
040 _cCRL
041 _2eng
041 _aeng
084 _qCRL
100 _aJohn Campbell Oman
_91228585
245 4 _aThe Stories of the Ramayana and the Mahabharata
260 _bTaylor and Francis
260 _c1900
365 _a
365 _b170
856 _uhttp://www.taylorfrancis.com/books/9780429452116
942 _cEBOOK
999 _c1839071
_d1839071